[Event "Tianjin Binhai Cup 1st"]
[Site "Tianjin"]
[Date "2018.12.28"]
[Round "4"]
[White "Li, Haoyu B"]
[Black "Wang, Xiaoyan"]
[Result "1-0"]
[WhiteElo "2100"]
[BlackElo "1943"]
[PlyCount "67"]
[EventDate "2018.12.25"]
[EventType "swiss"]
[EventRounds "9"]
[EventCountry "CHN"]
[SourceTitle "CBM 188 Extra"]
[Source "ChessBase"]
[SourceDate "2019.02.28"]
[SourceVersion "1"]
[SourceVersionDate "2019.02.28"]
[SourceQuality "1"]

1. e4 c5 2. Nf3 d6 3. d4 cxd4 4. Nxd4 Nf6 5. Nc3 e6 6. g4 h6 7. g5 hxg5 8. Bxg5 Qa5 9. Qd2 Nc6 10. Nb3 Qb4 11. a3 Qb6 12. 0-0-0 a6 13. Kb1 Bd7 14. f4 Ng4 15. f5 f6 16. Be2 Nce5 17. h3 Nh6 18. Be3 Qc7 19. Nd4 Qc8 20. fxe6 Bc6 21. Rhg1 g6 22. e7 Kxe7 23. Nxc6+ bxc6 24. Qxd6+ Kf7 25. Qd4 Be7 26. Bf4 Rb8 27. Bxe5 fxe5 28. Qxe5 Bf6 29. Rdf1 Ng8 30. Bc4+ Kg7 31. Rxf6 Rxb2+ 32. Ka1 Nxf6 33. Qe7+ Kh6 34. Qxf6 1-0

[Event "Tianjin Binhai Cup 1st"]
[Site "Tianjin"]
[Date "2018.12.25"]
[Round "1"]
[White "Wang, Xiaoyan"]
[Black "Li, Yankai"]
[Result "0-1"]
[WhiteElo "1943"]
[BlackElo "2427"]
[PlyCount "104"]
[EventDate "2018.12.25"]
[EventType "swiss"]
[EventRounds "9"]
[EventCountry "CHN"]
[SourceTitle "CBM 188 Extra"]
[Source "ChessBase"]
[SourceDate "2019.02.28"]
[SourceVersion "1"]
[SourceVersionDate "2019.02.28"]
[SourceQuality "1"]

1. d4 f5 2. c4 Nf6 3. Nf3 g6 4. g3 Bg7 5. Bg2 0-0 6. 0-0 d6 7. Nc3 Nc6 8. Qb3 h6 9. Rd1 g5 10. c5+ e6 11. d5 exd5 12. Nxd5 Kh8 13. cxd6 cxd6 14. Nb4 Ne4 15. Nxc6 bxc6 16. Be3 Qe7 17. Bd4 Be6 18. Qd3 c5 19. Bxg7+ Kxg7 20. Nd2 d5 21. g4 Rae8 22. Rac1 Nxd2 23. Rxd2 fxg4 24. Qc3+ d4 25. Qxc5 Qxc5 26. Rxc5 Rc8 27. Rdc2 Rxc5 28. Rxc5 Bxa2 29. Ra5 Bc4 30. Rxa7+ Kf6 31. Rd7 Bxe2 32. Rxd4 Rc8 33. Rd6+ Ke5 34. Rc6 Rd8 35. Rc1 Rd2 36. b3 h5 37. Bf1 Bf3 38. b4 Rb2 39. b5 h4 40. Rc5+ Kf6 41. Rc1 Rb4 42. Ra1 Ke5 43. Re1+ Kf4 44. Rc1 Be4 45. Ra1 g3 46. hxg3+ hxg3 47. Ra7 Rb1 48. Rf7+ Kg4 49. fxg3 Kxg3 50. Rc7 Bd3 51. Rf7 Bxb5 52. Kh1 Bxf1 0-1